000
00329nam a22001457a 4500
008
230317b ||||| |||| 00| 0 eng d
020
_a
9781617312120
041
_a
eng
080
_a
521
082
_a
521REY
100
_a
10
101
_a
ASTRO
245
_a
A LABORATORY GUIDE FOR ASTRONOMY
_c
REYNOLDS D.M
942
_2
udc
_c
BK
999
_c
59379
_d
59379